[Event "2 Bundesliga West 2007/2008"]
[Site "Schwaz"]
[Date "2008.01.25"]
[Round "6"]
[Board "3"]
[White "Bertagnolli, Alexander"]
[Black "Klocker, Benedikt"]
[Result "1-0"]
[WhiteElo "2319"]
[BlackElo "2149"]
[PlyCount "61"]
[EventDate "2007.10.06"]
[EventType "team"]
[EventRounds "11"]
[EventCountry "AUT"]
[WhiteTeam "WOergl"]
[BlackTeam "Dornbirn"]

1.d4 Nf6 2.Bg5 Ne4 3.Bf4 d5 4.Nd2 Bf5 5.e3 e6 6.Bd3 Bd6 7.Bxe4 Bxe4 8.Nxe4 Bxf4
9.Nc5 b6 10.Nxe6 fxe6 11.exf4 O-O 12.g3 Qf6 13.Nf3 h6 14.Ne5 g5 15.Ng4 Qg6
16.Qe2 gxf4 17.Ne5 Qe4 18.Qxe4 dxe4 19.Ng6 Rd8 20.Nxf4 Rxd4 21.Nxe6 Rc4 22.O-O-O
Na6 23.Nf4 Re8 24.Rhe1 Rc6 25.Rd4 Nc5 26.b4 Nb7 27.Rdxe4 Rxe4 28.Rxe4 Kf7 29.Nd5
Nd6 30.Re7+ Kg6 31.Nxc7

[Event "2 Bundesliga West 2007/2008"]
[Site "Schwaz"]
[Date "2008.01.25"]
[Round "6"]
[Board "4"]
[White "Novkovic, Julia"]
[Black "Astl, Peter"]
[Result "0-1"]
[WhiteElo "2131"]
[BlackElo "2263"]
[PlyCount "84"]
[EventDate "2007.10.06"]
[EventType "team"]
[EventRounds "11"]
[EventCountry "AUT"]
[WhiteTeam "Dornbirn"]
[BlackTeam "WOergl"]

1.e4 c6 2.d4 d5 3.Nc3 g6 4.Nge2 Bg7 5.h4 h5 6.Bg5 b5 7.a3 a6 8.Qd2 Bb7 9.O-O-O
Nd7 10.e5 Nf8 11.Nf4 Bc8 12.Bd3 Be6 13.Nce2 Qc7 14.Kb1 Nh6 15.f3 a5 16.Rhe1 Qb6
17.c3 Kd7 18.Rc1 Nf5 19.Nxe6 Nxe6 20.Bxf5 gxf5 21.Ng3 b4 22.Nxf5 bxa3 23.Bxe7
axb2 24.Rc2 a4 25.Rxb2 Qa6 26.Bd6 Bf8 27.Ka1 a3 28.Rb3 Bxd6 29.Nxd6 Rhb8 30.Reb1
a2 31.Rb7+ Nc7 32.e6+ fxe6 33.Re1 Rxb7 34.Nxb7 Qxb7 35.Qh6 Qb3 36.Qg7+ Kc8
37.Qf8+ Kb7 38.Qc5 Ra6 39.Qb4+ Qxb4 40.cxb4 Nb5 41.Re2 Nxd4 42.Rxa2 Nf5

[Event "2 Bundesliga West 2007/2008"]
[Site "Schwaz"]
[Date "2008.01.25"]
[Round "6"]
[Board "5"]
[White "Meier, Alexander"]
[Black "Natter, Markus"]
[Result "1/2-1/2"]
[WhiteElo "2142"]
[BlackElo "2122"]
[PlyCount "100"]
[EventDate "2007.10.06"]
[EventType "team"]
[EventRounds "11"]
[EventCountry "AUT"]
[WhiteTeam "WOergl"]
[BlackTeam "Dornbirn"]

1.e4 d5 2.exd5 Qxd5 3.Nc3 Qd6 4.Nf3 Nf6 5.Be2 a6 6.d3 g6 7.Be3 Bg7 8.h3 Nc6
9.O-O O-O 10.Nd2 Nd4 11.Bxd4 Qxd4 12.Bf3 Rb8 13.Qe2 Be6 14.Nb3 Qd6 15.Rfe1 Rfd8
16.Rad1 Bxb3 17.axb3 e6 18.d4 c6 19.Rd3 Qb4 20.Red1 Rd7 21.Na4 Rbd8 22.c3 Qe7
23.Nb6 Rd6 24.Nc4 R6d7 25.Nb6 Rc7 26.Re1 Nd5 27.Bxd5 cxd5 28.Na4 Qd7 29.Nc5 Qb5
30.Re3 Qxe2 31.R3xe2 a5 32.Nd3 Bf8 33.g4 Rc6 34.f4 Bd6 35.f5 gxf5 36.gxf5 exf5
37.Rg2+ Kf8 38.Rf1 Rb6 39.Rxf5 Rxb3 40.Rh5 a4 41.Nc1 Rb6 42.Rxh7 a3 43.b3 Bf4
44.Nd3 Be3+ 45.Kf1 Rdd6 46.Rh8+ Ke7 47.Re2 Kf6 48.Nb4 Bc1 49.Nd3 Bg5 50.Nc5 Bc1

[Event "2 Bundesliga West 2007/2008"]
[Site "Schwaz"]
[Date "2008.01.25"]
[Round "6"]
[Board "6"]
[White "Gsteu, Peter"]
[Black "Karrer, Georg"]
[Result "1/2-1/2"]
[WhiteElo "2080"]
[BlackElo "1955"]
[PlyCount "50"]
[EventDate "2007.10.06"]
[EventType "team"]
[EventRounds "11"]
[EventCountry "AUT"]
[WhiteTeam "Dornbirn"]
[BlackTeam "WOergl"]

1.d4 d5 2.c4 c6 3.Nc3 Nf6 4.Nf3 dxc4 5.a4 Bf5 6.e3 e6 7.Bxc4 a5 8.O-O Na6 9.Re1
Bg4 10.h3 Bh5 11.e4 Bxf3 12.gxf3 Be7 13.f4 O-O 14.e5 Nd5 15.Ne4 Nab4 16.Ra3 f5
17.Ng5 Bxg5 18.fxg5 f4 19.h4 g6 20.Rh3 Qe8 21.Kh2 b5 22.Be2 bxa4 23.Qxa4 Qe7
24.Bg4 Kg7 25.Bd2 c5

[Event "2 Bundesliga West 2007/2008"]
[Site "Schwaz"]
[Date "2008.01.25"]
[Round "6"]
[Board "1"]
[White "Bromberger, Stefan"]
[Black "Dobosz, Henryk"]
[Result "1/2-1/2"]
[WhiteElo "2493"]
[BlackElo "2430"]
[PlyCount "54"]
[EventDate "2007.10.06"]
[EventType "team"]
[EventRounds "11"]
[EventCountry "AUT"]
[WhiteTeam "Rochade Rum"]
[BlackTeam "GOetzis"]

1.d4 d5 2.c4 c6 3.Nc3 Nf6 4.Nf3 g6 5.e3 Bg7 6.Bd3 O-O 7.O-O Bg4 8.h3 Bxf3 9.Qxf3
e6 10.Rd1 Nbd7 11.Bd2 Qe7 12.Qe2 a6 13.a3 Rfe8 14.Rac1 Rac8 15.Be1 dxc4 16.Bxc4
c5 17.Ba2 Nb6 18.dxc5 Rxc5 19.Qd3 Rec8 20.Ne2 Rxc1 21.Rxc1 Rxc1 22.Nxc1 Nfd5
23.Qc2 Qd7 24.Nd3 Qb5 25.b4 Qa4 26.Qb3 Qb5 27.Qc2 Qa4

[Event "2 Bundesliga West 2007/2008"]
[Site "Schwaz"]
[Date "2008.01.25"]
[Round "6"]
[Board "2"]
[White "Eisenbeiser, Amadeus"]
[Black "Heinzel, Olaf"]
[Result "1-0"]
[WhiteElo "2319"]
[BlackElo "2392"]
[PlyCount "65"]
[EventDate "2007.10.06"]
[EventType "team"]
[EventRounds "11"]
[EventCountry "AUT"]
[WhiteTeam "GOetzis"]
[BlackTeam "Rochade Rum"]

1.c4 f5 2.Nf3 Nf6 3.g3 e6 4.Bg2 d5 5.O-O Bd6 6.d4 c6 7.Nbd2 O-O 8.Ne5 b6 9.Ndf3
Ne4 10.h4 Bb7 11.cxd5 exd5 12.Bf4 Nd7 13.Qa4 Nxe5 14.Nxe5 Bxe5 15.Bxe5 h6
16.Rad1 g5 17.hxg5 hxg5 18.Qb3 Rf7 19.f3 Nd6 20.e4 f4 21.Bh3 Bc8 22.Bxc8 Nxc8
23.gxf4 gxf4 24.Rd2 Kf8 25.Rh2 Ke7 26.Qa3+ Kd7 27.exd5 Qg8+ 28.Rg2 Qh7 29.dxc6+
Kxc6 30.Qa6 Nd6 31.Rc1+ Kd7 32.Qa4+ Ke6 33.Qb3+

[Event "2 Bundesliga West 2007/2008"]
[Site "Schwaz"]
[Date "2008.01.25"]
[Round "6"]
[Board "3"]
[White "Gatterer, Florian"]
[Black "Schmidlechner, Alexander"]
[Result "1/2-1/2"]
[WhiteElo "2301"]
[BlackElo "2195"]
[PlyCount "124"]
[EventDate "2007.10.06"]
[EventType "team"]
[EventRounds "11"]
[EventCountry "AUT"]
[WhiteTeam "Rochade Rum"]
[BlackTeam "GOetzis"]

1.c4 c6 2.g3 d5 3.Bg2 Nf6 4.Nf3 Bg4 5.Ne5 Be6 6.O-O dxc4 7.Qc2 g6 8.Nxc4 Bg7
9.b3 O-O 10.Bb2 Qc8 11.Re1 Bh3 12.Bh1 Na6 13.d4 h5 14.Nbd2 h4 15.a3 Nc7 16.Ne5
Ncd5 17.e4 Nb6 18.Rac1 Bh6 19.Rcd1 Nbd7 20.Nd3 Nh5 21.Nf3 hxg3 22.hxg3 Qc7
23.Bc1 Bg7 24.Be3 Ndf6 25.Nde5 Ng4 26.Nxg4 Bxg4 27.Rc1 Qa5 28.a4 Rad8 29.b4 Qxb4
30.Nh2 Bc8 31.e5 Bf5 32.Qe2 Rxd4 33.Bxd4 Qxd4 34.Rcd1 Qxa4 35.Ra1 Qd4 36.Qe3
Qxe3 37.Rxe3 Be6 38.Rxa7 Rb8 39.Nf1 Kf8 40.Re1 Ke8 41.Rb1 Bxe5 42.Rbxb7 Rc8
43.Rxe7+ Kf8 44.Be4 Bb8 45.Rab7 Bd6 46.Rxe6 fxe6 47.Bxg6 Ng7 48.Ne3 Rc7 49.Rb8+
Ke7 50.Ng4 Bc5 51.Kg2 Bd4 52.Kf3 c5 53.Ke4 Rd7 54.f4 Rd8 55.Rb5 Kd6 56.Ra5 Rd7
57.Ra6+ Ke7 58.Ne5 Bxe5 59.fxe5 Rd4+ 60.Kf3 Nf5 61.Bxf5 exf5 62.Rf6 c4

[Event "2 Bundesliga West 2007/2008"]
[Site "Schwaz"]
[Date "2008.01.25"]
[Round "6"]
[Board "4"]
[White "Wallis, Anton"]
[Black "Hengl, Christian"]
[Result "1/2-1/2"]
[WhiteElo "2163"]
[BlackElo "2207"]
[PlyCount "27"]
[EventDate "2007.10.06"]
[EventType "team"]
[EventRounds "11"]
[EventCountry "AUT"]
[WhiteTeam "GOetzis"]
[BlackTeam "Rochade Rum"]

1.e4 e6 2.d4 d5 3.Nd2 Nf6 4.e5 Nfd7 5.Bd3 c5 6.c3 Nc6 7.Ngf3 cxd4 8.cxd4 f6
9.exf6 Qxf6 10.Nb3 Bd6 11.O-O h6 12.Bd2 O-O 13.Bc3 a6 14.a4

[Event "2 Bundesliga West 2007/2008"]
[Site "Schwaz"]
[Date "2008.01.25"]
[Round "6"]
[Board "5"]
[White "Muehlbacher, Bernhard"]
[Black "Kranz, Armin"]
[Result "1-0"]
[WhiteElo "2134"]
[BlackElo "2172"]
[PlyCount "89"]
[EventDate "2007.10.06"]
[EventType "team"]
[EventRounds "11"]
[EventCountry "AUT"]
[WhiteTeam "Rochade Rum"]
[BlackTeam "GOetzis"]

1.c4 c5 2.Nc3 Nf6 3.g3 e6 4.e4 d6 5.Bg2 Be7 6.Nge2 a6 7.d3 Nc6 8.h3 Rb8 9.f4 Nd4
10.Nxd4 cxd4 11.Ne2 e5 12.O-O Nd7 13.Kh2 b5 14.cxb5 Rxb5 15.b3 O-O 16.Ng1 Nc5
17.Rb1 Na4 18.Ne2 f5 19.Ba3 Nc3 20.Nxc3 dxc3 21.b4 Qb6 22.Qb3+ Kh8 23.Qxc3 exf4
24.gxf4 Bf6 25.Qc4 fxe4 26.dxe4 Rh5 27.Rf3 Bd7 28.Rc1 Bd8 29.Bb2 Bg4 30.Bd4 d5
31.exd5 Qh6 32.Qc5 Kg8 33.Rg3 Rh4 34.Kg1 Bxh3 35.Rxg7+ Qxg7 36.Bxg7 Kxg7 37.Bxh3
Rxh3 38.Kg2 Rh4 39.Rc4 Rg4+ 40.Kf3 h5 41.d6 Bg5 42.Qe5+ Kg8 43.d7 Rg1 44.Rc8
Rf1+ 45.Ke2

[Event "2 Bundesliga West 2007/2008"]
[Site "Schwaz"]
[Date "2008.01.25"]
[Round "6"]
[Board "6"]
[White "Flatz, Lothar"]
[Black "Babinetz, Rainer"]
[Result "1-0"]
[WhiteElo "2156"]
[BlackElo "2101"]
[PlyCount "33"]
[EventDate "2007.10.06"]
[EventType "team"]
[EventRounds "11"]
[EventCountry "AUT"]
[WhiteTeam "GOetzis"]
[BlackTeam "Rochade Rum"]

1.Nf3 d5 2.g3 e6 3.Bg2 Nc6 4.d3 g6 5.O-O Bg7 6.Nbd2 Nge7 7.c3 O-O 8.Qc2 b6 9.e4
dxe4 10.Nxe4 Ba6 11.Rd1 Rc8 12.d4 h6 13.Ne5 Nxe5 14.dxe5 Qe8 15.Bxh6 Nd5 16.Bxg7
Kxg7 17.c4

[Event "2 Bundesliga West 2007/2008"]
[Site "Schwaz"]
[Date "2008.01.25"]
[Round "6"]
[Board "1"]
[White "Bayer, Bernhard"]
[Black "Lehner, Oliver"]
[Result "1/2-1/2"]
[WhiteElo "2367"]
[BlackElo "2419"]
[PlyCount "69"]
[EventDate "2007.10.06"]
[EventType "team"]
[EventRounds "11"]
[EventCountry "AUT"]
[WhiteTeam "Schwaz"]
[BlackTeam "Sparkasse Jenbach"]

1.e4 e5 2.Nf3 Nc6 3.d4 exd4 4.Nxd4 Nf6 5.Nxc6 bxc6 6.e5 Qe7 7.Qe2 Nd5 8.c4 Nb6
9.b3 Qh4 10.Qe3 Bb4+ 11.Bd2 a5 12.Bd3 O-O 13.O-O f6 14.Bxb4 axb4 15.f4 fxe5
16.fxe5 Rxf1+ 17.Bxf1 Bb7 18.Nd2 c5 19.Qxc5 Qg5 20.Qd4 c5 21.Ne4 Qf5 22.Qxc5
Qxe4 23.Qxb6 Bc6 24.Rd1 Qxe5 25.Rd2 Rf8 26.Qd4 Qg5 27.Rf2 Rxf2 28.Qxf2 d6 29.Qb6
Qc5+ 30.Qxc5 dxc5 31.Bd3 h6 32.Kf2 Kf7 33.Ke3 Ke7 34.h4 g5 35.Bc2

[Event "2 Bundesliga West 2007/2008"]
[Site "Schwaz"]
[Date "2008.01.25"]
[Round "6"]
[Board "2"]
[White "Schlosser, Philipp"]
[Black "Fuchs, Georg"]
[Result "1-0"]
[WhiteElo "2564"]
[BlackElo "2221"]
[PlyCount "77"]
[EventDate "2007.10.06"]
[EventType "team"]
[EventRounds "11"]
[EventCountry "AUT"]
[WhiteTeam "Sparkasse Jenbach"]
[BlackTeam "Schwaz"]

1.d4 Nf6 2.c4 e6 3.Nc3 Bb4 4.Qc2 d5 5.a3 Bxc3+ 6.Qxc3 Ne4 7.Qc2 O-O 8.e3 b6
9.Bd3 Bb7 10.Ne2 Nd7 11.cxd5 exd5 12.f3 Nef6 13.O-O c5 14.Nc3 Bc6 15.Qf2 Re8
16.b3 Qe7 17.Bd2 Rac8 18.a4 a5 19.Nb5 Nf8 20.dxc5 bxc5 21.Rfe1 Bd7 22.Bxa5 c4
23.bxc4 dxc4 24.Bf1 Bxb5 25.axb5 Qc5 26.b6 Ra8 27.Bc3 Rxa1 28.Bxa1 N8d7 29.Bd4
Qc6 30.e4 Rb8 31.Rb1 Ne8 32.e5 Nc7 33.f4 Nb5 34.Be3 Nc3 35.Rc1 Ne4 36.Qf3 Ndc5
37.Rxc4 Rxb6 38.Bxc5 Nxc5 39.Qa3

[Event "2 Bundesliga West 2007/2008"]
[Site "Schwaz"]
[Date "2008.01.25"]
[Round "6"]
[Board "3"]
[White "Gruber, Michael"]
[Black "BOensch, Uwe"]
[Result "0-1"]
[WhiteElo "2146"]
[BlackElo "2530"]
[PlyCount "72"]
[EventDate "2007.10.06"]
[EventType "team"]
[EventRounds "11"]
[EventCountry "AUT"]
[WhiteTeam "Schwaz"]
[BlackTeam "Sparkasse Jenbach"]

1.e4 c5 2.Nf3 d6 3.d4 cxd4 4.Nxd4 Nf6 5.Nc3 e6 6.Be2 Be7 7.O-O Nc6 8.Be3 O-O
9.Kh1 Bd7 10.f4 Nxd4 11.Qxd4 Bc6 12.e5 dxe5 13.fxe5 Qxd4 14.Bxd4 Nd7 15.Rf4 Bd8
16.Bf3 f6 17.Bxc6 bxc6 18.Re4 f5 19.Ree1 Ba5 20.Rad1 Rfb8 21.Rd3 Rxb2 22.Rc1 Rb4
23.a3 Rc4 24.Ne2 Bc7 25.Re3 c5 26.Ba1 Rd8 27.g3 Nb6 28.Nf4 Nd5 29.Nxd5 Rxd5
30.Re2 Kf7 31.Rf1 g5 32.Kg2 Ke7 33.Bb2 Kd7 34.Rf3 Kc6 35.Kf2 h5 36.Bc1 Rxe5

[Event "2 Bundesliga West 2007/2008"]
[Site "Schwaz"]
[Date "2008.01.25"]
[Round "6"]
[Board "4"]
[White "Stangl, Markus"]
[Black "Angerer, Helmut"]
[Result "1-0"]
[WhiteElo "2453"]
[BlackElo "2151"]
[PlyCount "51"]
[EventDate "2007.10.06"]
[EventType "team"]
[EventRounds "11"]
[EventCountry "AUT"]
[WhiteTeam "Sparkasse Jenbach"]
[BlackTeam "Schwaz"]

1.Nf3 b6 2.g3 Bb7 3.Bg2 e5 4.O-O Qe7 5.e4 Nc6 6.Nc3 Nf6 7.d4 h6 8.Nd5 Nxd5
9.exd5 Nb4 10.Nxe5 Bxd5 11.Re1 Bxg2 12.Kxg2 O-O-O 13.Ng6 Qxe1 14.Qxe1 fxg6
15.Qe4 d5 16.Qxg6 Rd6 17.Qg4+ Kb7 18.Bf4 Rc6 19.c3 Nd3 20.Qf3 Nxf4+ 21.Qxf4 Rf6
22.Qe5 c6 23.Qe8 g5 24.Qd7+ Ka6 25.Qc8+ Kb5 26.b3

[Event "2 Bundesliga West 2007/2008"]
[Site "Schwaz"]
[Date "2008.01.25"]
[Round "6"]
[Board "5"]
[White "Riedl, Johannes"]
[Black "Kleissl, Helmut"]
[Result "1-0"]
[WhiteElo "2142"]
[BlackElo "2302"]
[PlyCount "107"]
[EventDate "2007.10.06"]
[EventType "team"]
[EventRounds "11"]
[EventCountry "AUT"]
[WhiteTeam "Schwaz"]
[BlackTeam "Sparkasse Jenbach"]

1.e4 g6 2.d4 Bg7 3.c4 d6 4.Nc3 e5 5.dxe5 dxe5 6.Qxd8+ Kxd8 7.Be3 Be6 8.Nf3 f6
9.Be2 Nc6 10.O-O Nh6 11.h3 Nf7 12.Rfd1+ Kc8 13.c5 f5 14.exf5 gxf5 15.Bb5 Bf6
16.Nd5 Bd8 17.Bxc6 bxc6 18.Nb4 Kb7 19.Re1 a5 20.Nd3 e4 21.Nd4 Bc8 22.Nf4 Re8
23.b4 axb4 24.Reb1 Bd7 25.Rxb4+ Kc8 26.a4 Bf6 27.a5 Ra6 28.Rab1 Kd8 29.Ra4 Ke7
30.Rb7 Be5 31.f3 Rea8 32.fxe4 fxe4 33.Nb3 Bf5 34.g4 Rg8 35.Kf2 Bc8 36.Rb8 Ng5
37.h4 Bxf4 38.hxg5 Bxe3+ 39.Kxe3 Be6 40.Rxg8 Bxg8 41.Nd2 Kf7 42.Nxe4 Kg6 43.Kf4
Bb3 44.Ra3 Bc4 45.Nd2 Bb5 46.Nf3 Kf7 47.Kf5 Ra8 48.Ne5+ Ke7 49.Rh3 Rf8+ 50.Ke4
Rf1 51.Rxh7+ Ke6 52.Rh6+ Ke7 53.g6 Kf6 54.g5+

[Event "2 Bundesliga West 2007/2008"]
[Site "Schwaz"]
[Date "2008.01.25"]
[Round "6"]
[Board "6"]
[White "HOellrigl, Wilfried"]
[Black "KOell,  Hannes"]
[Result "1-0"]
[WhiteElo "2240"]
[BlackElo "2119"]
[PlyCount "91"]
[EventDate "2007.10.06"]
[EventType "team"]
[EventRounds "11"]
[EventCountry "AUT"]
[WhiteTeam "Sparkasse Jenbach"]
[BlackTeam "Schwaz"]

1.e4 g6 2.d4 Bg7 3.Nc3 c6 4.Bc4 d6 5.Nf3 Nf6 6.Bb3 O-O 7.O-O Qc7 8.Qe2 e5 9.dxe5
dxe5 10.a4 a5 11.Be3 Na6 12.h3 Nd7 13.Rad1 Ndc5 14.Bc4 Be6 15.Ng5 Bxc4 16.Qxc4
b6 17.Rd2 h6 18.Nf3 Rad8 19.Rfd1 Rxd2 20.Rxd2 Rd8 21.Rxd8+ Qxd8 22.Nd2 Qc7
23.Ne2 Qd6 24.f3 Nb4 25.Bxc5 bxc5 26.Qc3 Bf6 27.Kf2 Bg5 28.Ke1 c4 29.Nxc4 Qc5
30.g3 Na2 31.Qd3 Nb4 32.Qb3 Kg7 33.Kf1 f5 34.Kg2 fxe4 35.fxe4 h5 36.h4 Bh6
37.Qc3 Kf6 38.b3 Ke6 39.Kf3 Qf8+ 40.Kg2 Qc5 41.Qb2 Be3 42.Qb1 g5 43.c3 Nd5
44.Qd3 Bf2 45.exd5+ cxd5 46.Qg6+

[Event "2 Bundesliga West 2007/2008"]
[Site "Schwaz"]
[Date "2008.01.25"]
[Round "6"]
[Board "1"]
[White "Medvegy, Zoltan"]
[Black "Teufl, Siegfried"]
[Result "1-0"]
[WhiteElo "2512"]
[BlackElo "2207"]
[PlyCount "69"]
[EventDate "2007.10.06"]
[EventType "team"]
[EventRounds "11"]
[EventCountry "AUT"]
[WhiteTeam "ATSV Ranshofen"]
[BlackTeam "ASK Salzburg"]

1.c4 Nf6 2.Nc3 c5 3.g3 g6 4.Bg2 Bg7 5.Nf3 Nc6 6.d4 cxd4 7.Nxd4 O-O 8.Nc2 d6
9.O-O Na5 10.b3 Bd7 11.Bb2 Rc8 12.Nd5 Nxd5 13.Bxg7 Kxg7 14.cxd5 Qb6 15.Qd2 Rc7
16.h4 h5 17.Rad1 Rfc8 18.Nd4 Rc3 19.Kh2 Qc5 20.Qg5 Re8 21.Qd2 Rc8 22.f4 e6 23.e4
e5 24.fxe5 dxe5 25.Qf2 Qe7 26.d6 Qe8 27.Qf6+ Kg8 28.Nf3 Nc6 29.Ng5 Nd8 30.Qe7
Nc6 31.Qxe8+ Bxe8 32.Rxf7 Rd8 33.Rd2 Nd4 34.Re7 Nc6 35.Bf1

[Event "2 Bundesliga West 2007/2008"]
[Site "Schwaz"]
[Date "2008.01.25"]
[Round "6"]
[Board "2"]
[White "Juergens, Klaus"]
[Black "Dovzik, Juri"]
[Result "1/2-1/2"]
[WhiteElo "2181"]
[BlackElo "2381"]
[PlyCount "32"]
[EventDate "2007.10.06"]
[EventType "team"]
[EventRounds "11"]
[EventCountry "AUT"]
[WhiteTeam "ASK Salzburg"]
[BlackTeam "ATSV Ranshofen"]

1.Nf3 c5 2.c4 Nc6 3.d4 cxd4 4.Nxd4 Nf6 5.g3 g6 6.Bg2 Bg7 7.O-O O-O 8.Nc3 Ng4
9.e3 Nxd4 10.exd4 d6 11.Re1 Nh6 12.Bxh6 Bxh6 13.Qe2 e6 14.d5 e5 15.c5 dxc5
16.Qxe5 Bg7

[Event "2 Bundesliga West 2007/2008"]
[Site "Schwaz"]
[Date "2008.01.25"]
[Round "6"]
[Board "3"]
[White "Zoister, Stefan"]
[Black "Besner, Bernhard"]
[Result "0-1"]
[WhiteElo "2226"]
[BlackElo "2119"]
[PlyCount "144"]
[EventDate "2007.10.06"]
[EventType "team"]
[EventRounds "11"]
[EventCountry "AUT"]
[WhiteTeam "ATSV Ranshofen"]
[BlackTeam "ASK Salzburg"]

1.e4 d5 2.exd5 Qxd5 3.Nc3 Qa5 4.d4 Nf6 5.Nf3 Bg4 6.h3 Bh5 7.g4 Bg6 8.Ne5 Nbd7
9.Nc4 Qa6 10.Bf4 Qe6+ 11.Be2 Nd5 12.Nxd5 Qxd5 13.O-O O-O-O 14.Ne3 Qe4 15.Bg3 e5
16.c3 exd4 17.cxd4 Nb6 18.Bf3 Qxd4 19.Qb3 Qb4 20.Rfc1 c6 21.Nc4 Nxc4 22.Qxb4
Bxb4 23.Rxc4 Bd6 24.Kg2 Bxg3 25.Kxg3 Rd2 26.b4 Rhd8 27.a4 R8d4 28.Rac1 Rxc4
29.Rxc4 Kc7 30.a5 f6 31.a6 Rc2 32.Rxc2 Bxc2 33.axb7 Ba4 34.Be4 g6 35.Kf4 Kxb7
36.g5 f5 37.Bd3 Bb5 38.Bc2 Kb6 39.h4 Be2 40.f3 c5 41.bxc5+ Kxc5 42.h5 Kd6 43.Bb3
gxh5 44.Bg8 h4 45.Bxh7 h3 46.Kg3 f4+ 47.Kxh3 Bxf3 48.Bc2 Ke5 49.Kh2 Kd4 50.g6
Bd5 51.g7 Bg8 52.Kg1 Ke3 53.Bd1 a5 54.Kf1 Bd5 55.Ke1 Bc4 56.Be2 Bg8 57.Bb5 f3
58.Kd1 f2 59.Kc2 Kd4 60.Kd2 a4 61.Kc2 a3 62.Kb1 a2+ 63.Ka1 Ke5 64.Be2 Kf6 65.Bf1
Kxg7 66.Be2 Kf6 67.Ba6 Ke5 68.Bb5 Kd4 69.Bf1 Bc4 70.Bg2 Ke3 71.Bh3 Kf4 72.Bg2
Kg3

[Event "2 Bundesliga West 2007/2008"]
[Site "Schwaz"]
[Date "2008.01.25"]
[Round "6"]
[Board "4"]
[White "LOeffler, Christoph"]
[Black "Webersberger, Johann"]
[Result "1/2-1/2"]
[WhiteElo "2172"]
[BlackElo "2236"]
[PlyCount "162"]
[EventDate "2007.10.06"]
[EventType "team"]
[EventRounds "11"]
[EventCountry "AUT"]
[WhiteTeam "ASK Salzburg"]
[BlackTeam "ATSV Ranshofen"]

1.e4 g6 2.d4 Bg7 3.c3 d6 4.f4 Nf6 5.e5 Nd5 6.Nf3 O-O 7.Bc4 c6 8.a4 Nd7 9.O-O Qc7
10.Qe1 N7b6 11.Bb3 a5 12.Qh4 f6 13.Re1 Bf5 14.Nbd2 c5 15.Nc4 Kh8 16.g4 Bd3
17.Nxb6 Nxb6 18.Be6 dxe5 19.f5 gxf5 20.gxf5 cxd4 21.cxd4 Rg8 22.Kf2 Qc2+ 23.Bd2
e4 24.Rec1 Qxb2 25.Ra2 Qxa2 26.Bxa2 exf3 27.Bxg8 Rxg8 28.Kxf3 Bxf5 29.Rc5 Bg6
30.Rb5 Nc4 31.Bh6 Nd6 32.Bxg7+ Rxg7 33.Rxa5 Be4+ 34.Kf4 Rg6 35.Qe1 Kg7 36.Rc5
Kf8 37.Rc3 Rg5 38.Rc5 Rg6 39.Qc1 Rg2 40.Qe3 Rxh2 41.Qe1 Rh3 42.Rc3 Rh5 43.Rg3
Rh4+ 44.Rg4 Rh3 45.Rh4 Rf3+ 46.Kg4 Rd3 47.Qg1 Ra3 48.Qc1 Rxa4 49.Qh6+ Ke8
50.Qh5+ Kf8 51.Qh6+ Kf7 52.Qh5+ Bg6 53.Qd5+ Kg7 54.Kh3 Ra3+ 55.Kh2 Re3 56.Kg1 b5
57.Rh2 b4 58.Rb2 Rg3+ 59.Rg2 Rxg2+ 60.Qxg2 b3 61.Qb2 Bf7 62.Qg2+ Bg6 63.Qb2 Bc2
64.Qc3 Nf5 65.Kf2 h5 66.Ke1 Kg6 67.Kd2 Kg5 68.Qh3 h4 69.Kc3 Ng3 70.Qe6 Nf5
71.Qg8+ Kf4 72.Qg2 Ng3 73.Qh3 Ne2+ 74.Kd2 Ng3 75.Qxh4+ Kf3 76.Kc3 Ne2+ 77.Kb2
Nf4 78.Qh1+ Ke3 79.Qe1+ Kxd4 80.Qxe7 Nd5 81.Qg7 Ke4

[Event "2 Bundesliga West 2007/2008"]
[Site "Schwaz"]
[Date "2008.01.25"]
[Round "6"]
[Board "5"]
[White "Ager, Josef"]
[Black "Scheiblmaier, Robert"]
[Result "1-0"]
[WhiteElo "2213"]
[BlackElo "2135"]
[PlyCount "75"]
[EventDate "2007.10.06"]
[EventType "team"]
[EventRounds "11"]
[EventCountry "AUT"]
[WhiteTeam "ATSV Ranshofen"]
[BlackTeam "ASK Salzburg"]

1.Nf3 d5 2.g3 c5 3.Bg2 Nc6 4.d4 e6 5.O-O Nf6 6.c4 Be7 7.cxd5 exd5 8.Be3 c4 9.Ne5
O-O 10.Nxc6 bxc6 11.b3 cxb3 12.axb3 Bf5 13.Nc3 Qd7 14.Re1 Bh3 15.Bh1 Bb4 16.Bd2
Bxc3 17.Bxc3 Ne4 18.Ba5 f5 19.f3 f4 20.fxe4 fxg3 21.hxg3 Qg4 22.Bc7 dxe4 23.e3
Qf5 24.Qc2 Rae8 25.Bg2 Bxg2 26.Qxg2 Qg4 27.Rf1 Rf3 28.Rxf3 exf3 29.Qf2 Re6
30.Rf1 Rf6 31.b4 h5 32.Be5 Rf7 33.Rc1 Qe4 34.Kh2 g5 35.b5 cxb5 36.Qa2 Qb7 37.Qe6
Qd7 38.Rc8+

[Event "2 Bundesliga West 2007/2008"]
[Site "Schwaz"]
[Date "2008.01.25"]
[Round "6"]
[Board "6"]
[White "Leeb, Hans Peter"]
[Black "Hackbarth, Wolfgang"]
[Result "1-0"]
[WhiteElo "2135"]
[BlackElo "2141"]
[PlyCount "85"]
[EventDate "2007.10.06"]
[EventType "team"]
[EventRounds "11"]
[EventCountry "AUT"]
[WhiteTeam "ASK Salzburg"]
[BlackTeam "ATSV Ranshofen"]

1.c4 Nf6 2.Nf3 c5 3.Nc3 g6 4.g3 Bg7 5.Bg2 Nc6 6.d4 cxd4 7.Nxd4 O-O 8.O-O Qb6
9.e3 d6 10.Nde2 Bg4 11.h3 Bf5 12.e4 Bd7 13.b3 h5 14.Be3 Qd8 15.Qd2 Kh7 16.Rad1
Qc8 17.Kh2 Rh8 18.Rh1 Kg8 19.Nf4 h4 20.g4 Ne5 21.Nfd5 Nxd5 22.Nxd5 Kf8 23.Nxe7
Kxe7 24.Qxd6+ Ke8 25.Bg5 Nc6 26.Bf6 Bxf6 27.Qxf6 Rf8 28.e5 Qd8 29.Rhe1 Qxf6
30.exf6+ Be6 31.f4 Rd8 32.Bd5 Nb4 33.f5 gxf5 34.gxf5 Rd6 35.a3 Kd7 36.fxe6+ fxe6
37.Bxe6+ Kc7 38.axb4 Rxf6 39.Rxd6 Kxd6 40.c5+ Kc6 41.Bc4 a5 42.bxa5 Kxc5 43.Re4

[Event "2 Bundesliga West 2007/2008"]
[Site "Schwaz"]
[Date "2008.01.25"]
[Round "6"]
[Board "1"]
[White "FrOewis, Georg"]
[Black "Prusikin, Michael"]
[Result "0-1"]
[WhiteElo "2223"]
[BlackElo "2552"]
[PlyCount "50"]
[EventDate "2007.10.06"]
[EventType "team"]
[EventRounds "11"]
[EventCountry "AUT"]
[WhiteTeam "Lustenau"]
[BlackTeam "Wuestenrot Inter Sbg Sued"]

1.e4 e6 2.d4 d5 3.exd5 exd5 4.Nf3 Nc6 5.Be2 Bd6 6.Be3 Nf6 7.h3 O-O 8.O-O h6 9.c3
Bf5 10.Re1 Qd7 11.Nbd2 Rae8 12.Qa4 a6 13.Qb3 Qc8 14.Rac1 b5 15.a4 Na5 16.Qa2 Nc4
17.Nxc4 bxc4 18.b3 Bxh3 19.gxh3 Qxh3 20.Ne5 Rxe5 21.dxe5 Bxe5 22.Bd1 Bh2+ 23.Kh1
Re8 24.Qc2 Bf4+ 25.Kg1 Qh2+

[Event "2 Bundesliga West 2007/2008"]
[Site "Schwaz"]
[Date "2008.01.25"]
[Round "6"]
[Board "2"]
[White "Pitl, Gregory"]
[Black "Sucher, Johannes"]
[Result "1-0"]
[WhiteElo "2405"]
[BlackElo "2218"]
[PlyCount "51"]
[EventDate "2007.10.06"]
[EventType "team"]
[EventRounds "11"]
[EventCountry "AUT"]
[WhiteTeam "Wuestenrot Inter Sbg Sued"]
[BlackTeam "Lustenau"]

1.e4 d5 2.exd5 Nf6 3.d4 Bg4 4.Be2 Bxe2 5.Qxe2 Qxd5 6.Nf3 Nc6 7.c4 Qf5 8.O-O
O-O-O 9.d5 Nb4 10.Nc3 h6 11.a3 Nd3 12.Rd1 Nc5 13.b4 Nce4 14.Nxe4 Nxe4 15.Nd4 Qg6
16.Re1 Nf6 17.Nf3 Nd7 18.Bf4 Qf5 19.Bg3 g5 20.Nd4 Qg6 21.Rac1 Re8 22.c5 f5 23.c6
f4 24.cxd7+ Kxd7 25.Qb5+ Kc8 26.Ne6

[Event "2 Bundesliga West 2007/2008"]
[Site "Schwaz"]
[Date "2008.01.25"]
[Round "6"]
[Board "3"]
[White "Bezler, Rainer"]
[Black "Pitschka, Klaus"]
[Result "1/2-1/2"]
[WhiteElo "2258"]
[BlackElo "2320"]
[PlyCount "90"]
[EventDate "2007.10.06"]
[EventType "team"]
[EventRounds "11"]
[EventCountry "AUT"]
[WhiteTeam "Lustenau"]
[BlackTeam "Wuestenrot Inter Sbg Sued"]

1.e4 e5 2.Nf3 Nf6 3.Nxe5 Nxe4 4.Qe2 Qe7 5.Qxe4 d6 6.d4 dxe5 7.Qxe5 Qxe5+ 8.dxe5
Bf5 9.Nc3 Nc6 10.Bb5 Bxc2 11.Be3 Bb4 12.Rc1 Be4 13.f3 a6 14.Ba4 Bd5 15.Kf2 Bxc3
16.Bxc6+ Bxc6 17.Rxc3 O-O-O 18.Rhc1 Rhe8 19.Rc5 Rd7 20.R1c2 Bd5 21.Bf4 c6 22.b4
Be6 23.b5 axb5 24.Rxb5 Rd4 25.Be3 Ra4 26.Rbb2 Bf5 27.Rc5 Kc7 28.Rc3 Ra6 29.a3 b6
30.Rcb3 c5 31.a4 Be6 32.Ra3 Rea8 33.Rd3 Rxa4 34.Rd6 R8a6 35.Kg3 Ra2 36.Rb1 R2a3
37.Bg5 Bd7 38.Bf4 Bf5 39.e6 fxe6 40.Rdxb6+ Kd7 41.Rb7+ Kc6 42.Rc7+ Kd5 43.Rc1
R6a5 44.Rd7+ Kc6 45.Rxg7 Ra7